000
00348nam a2200133Ia 4500
008
230312s9999||||xx |||||||||||||| ||und||
082
_a
891.4
_b
MAH-I
100
_a
حافظ محمود اختر
245
0
_a
اسلامیات (لازمی)
260
_b
الاہیڈ بک سنٹر
_a
pak
_c
2005
300
_a
388
650
_a
Literature
942
_c
BK
999
_c
15078
_d
15078